Les associations ouvrières (Record no. 164005)

MARC details
000 -LEADER
campo de control de longitud fija 00968nam a2200229 i 4500
001 - NÚMERO DE CONTROL
campo de control 164005
003 - IDENTIFICADOR DE NÚMERO DE CONTROL
campo de control ES-MaACL
005 - FECHA Y HORA DE LA ÚLTIMA TRANSACCIÓN
campo de control 20230906212844.0
008 - DATOS DE LONGITUD FIJA--INFORMACIÓN GENERAL
campo de control de longitud fija 990315s1864 fr |||| | fre d
040 ## - FUENTE DE CATALOGACIÓN
Centro catalogador/agencia de origen CCPB | B
Lengua de catalogación spa
Centro/agencia transcriptor CCPB | B
100 1# - ENTRADA PRINCIPAL--NOMBRE DE PERSONA
Nombre de persona Rougier, J.-C. Paul.
9 (RLIN) 132092
245 14 - MENCIÓN DEL TÍTULO
Título Les associations ouvrières
Resto del título : Étude sur leur passé, leur présent, leurs conditions de progrès /
Mención de responsabilidad, etc. par J.-C. Paul Rougier.
260 ## - PUBLICACIÓN, DISTRIBUCIÓN, ETC.
Lugar de publicación, distribución, etc. Paris :
Nombre del editor, distribuidor, etc. Librairie de Guillaumin et C\pie\s ;
Lugar de publicación, distribución, etc. Lyon :
Nombre del editor, distribuidor, etc. chez Tous les Libraires,
Fecha de publicación, distribución, etc. 1864.
300 ## - DESCRIPCIÓN FÍSICA
Extensión XI, 467 p. ;
Dimensiones 21 cm.
490 1# - MENCIÓN DE SERIE
Mención de serie Bibliothèque des Sociètes de secours mutuels
500 ## - NOTA GENERAL
Nota general Consta en port.: Ouvrage couronné par l'Académie Impériale des Sciences, Belles-Lettres et Arts de Lyon.
597 ## - NOTA DE DESCRIPCIÓN FÍSICA
NOTA DE DESCRIPCIÓN FÍSICA Antep.
650 #4 - PUNTO DE ACCESO ADICIONAL DE MATERIA--TÉRMINO DE MATERIA
Término de materia o nombre geográfico como elemento de entrada Asociaciones de trabajadores.
9 (RLIN) 135641
830 0# - PUNTO DE ACCESO ADICIONAL DE SERIE-TÍTULO UNIFORME
Título uniforme Bibliothèque des Sociètes de secours mutuels
9 (RLIN) 222325
852 ## - LOCALIZACIÓN
Ubicación ES-MaACL
Número de control de estantería G-11727
Nota libre -- Enc. hol.
Holdings
Estatus retirado Estado de pérdida Estado de daño No para préstamo Colección Biblioteca de origen Biblioteca actual Ubicación en estantería Fecha de adquisición Fuente de adquisición Total de préstamos Signatura topográfica completa Código de barras Visto por última vez Precio de reemplazo Tipo de ítem Koha
        Libros del s. XIX Biblioteca del Ateneo de Madrid Biblioteca del Ateneo de Madrid Sala Pecera Planta 3 17/01/2008     G-11727 1171888 23/02/2023 23/02/2023 Libro impreso antiguo